000 00906nam a22002777a 4500
001 BR9208282
003 BR-BrBNA
005 20230928093701.0
007 ta
008 230509b bl.||||| |||| 00| 0 por d
040 _aBR-BrBNA
_bpor
_cBiblioteca Nacional de Agricultura
041 _a(Por)
072 _aP34
090 _ P34 BR9208282
100 1 _aFranco, I.A. de L.
110 1 _aUniversidade Federal de Vicosa, MG (Brasil)
_0Tese (Magister Scientiae)
245 1 _aExtracao e caracterizacao de uma nova fracao humica da materia organica do solo
260 3 _aVicosa, MG (Brasil):
_c1991.
300 _a60 p.
500 _a13 illus.; Bibliography p. 56-60 (50 ref.); Summary (Por). (*) Documento disponível na(o) Universidade Federal de Vicosa, MG (Brazil)
650 _aHUMUS
650 _aSOLO
650 _aMATERIA ORGANICA
909 _a202309
_bLucia
_c55
_dLucia Elande
942 _cBK
999 _c46470
_d46470